000 00580nam a2200205Ii 4500
003 JO-AjNU
008 230606s9999||||xx |||||||||||||| ||und||
020 _a978-1-119-84912-4
040 _aJO-AjNU
_beng
_erda
_cJO-AjNU
041 _aeng
050 1 4 _aTK5105.59 2022
100 3 _aGRIMS, ROGER A,
_eauthor
_96729
245 0 0 _aRansomware Protection Playbook
264 3 1 _aNew jersy:John Wiley and Sons, 2022
300 _a282p
336 _atext
_btxt
_2rdacontent
337 _aunmediated
_bn
_2rdamedia
338 _avolume
_bnc
_2rdacarrier
650 4 _aRansom ware
_96730
999 _aE3495
_c3488
_d3488